|
|
|
|
| LEADER |
00000nab a2200000 4500 |
| 001 |
vtls011745357 |
| 003 |
SK-MaSNL |
| 005 |
20260303114515.0 |
| 008 |
180308c20180222xo dr|p||| |0 b|slo |
| 038 |
|
|
|a KEVKJB
|
| 040 |
|
|
|a KEVKJB
|b slo
|c KEVKJB
|e rda
|
| 041 |
0 |
|
|a slo
|
| 044 |
|
|
|a xo
|c SK
|
| 080 |
|
|
|a 796.422.16
|2 2011
|
| 100 |
1 |
|
|a Dedina, Daniel
|4 aut
|9 545446
|
| 245 |
1 |
0 |
|a Koniec kariéry sa odkladá, vrcholom roka Brazília
|c Daniel Dedina
|
| 300 |
|
|
|b Fotografie
|
| 336 |
|
|
|a text
|b txt
|2 rdacontent
|
| 337 |
|
|
|a bez média
|b n
|2 rdamedia
|
| 338 |
|
|
|a zväzok
|b nc
|2 rdacarrier
|
| 600 |
1 |
7 |
|a Lindvai, Slavomír,
|d 1971-
|2 kevkjb
|9 1109924
|
| 650 |
0 |
7 |
|a ultramaratón
|2 kevkjb
|9 29978
|
| 651 |
|
7 |
|a Košice (Slovensko)
|2 kevkjb
|9 18694
|
| 773 |
0 |
|
|t Korzár
|g Roč. XXI., č. 44 (22.2.2018), s. 15
|x 2585-7355
|
| 852 |
|
|
|a KEVKJB
|b KIS3GCP
|
| 856 |
4 |
1 |
|u https://kosice.korzar.sme.sk/c/20766034/koniec-kariery-sa-odklada-vrcholom-roka-brazilia.html
|
| 958 |
|
|
|a BX
|
| 999 |
|
|
|c 1898607
|d 1900537
|